000 00468nam a2200181Ia 4500
001 8465
005 20260306160611.0
008 260306t2013||||xx |||||||||||||| ||spa||
041 _aESP
082 _a371.1
_bC13
100 _aCabero Almenara, Julio
_eAUT
245 0 _aNuevos modelos, recursos y diseño de programas en la práctica docente
260 _c2013
300 _a183 páginas :
_c24 cm.
650 _aGEN
654 _aCED
942 _cLIB
_dJUS
_fJUS
_2ddc
_n
999 _c8465
_d8465